MARC

LEADER 00000nas a2200000 i 4500
001 ssj0013574
003 WaSeSS
005 20200512172242.0
006 m d
007 cr n
008 000707c19949999enkqr pss 0 a0eng c
010 |a  2016236682 
015 |a GBA605105  |2 bnb 
016 7 |a 013357521  |2 Uk 
022 |a 1469-8412  |l 1351-1610  |y 1351-1610 
035 |a (WaSeSS)ssj0013574 
037 |b Carfax International Publishers, PO Box 25, Abingdon, Oxfordshire, OX14 3UE, UK 
040 |a F#A  |b eng  |e pn  |c F#A  |d OCLCQ  |d OCL  |d OCLCQ  |d UKMGB  |d OCLCQ  |d OCLCF  |d OCLCO  |d GBT  |d OCLCE  |d AU@  |d CNTRU  |d UKBOL  |d INTCH  |d CUS  |d OCLCO  |d OCLCQ  |d NOC  |d DLC  |d NLE  |d DLC  |d NTG  |d WaSeSS 
042 |a pcc 
050 0 0 |a H1.A3 
082 0 4 |a 300 
130 0 |a Innovation (Abingdon, England : Online) 
210 0 |a Innovation  |b (Abingdon) 
222 0 |a Innovation  |b (Abingdon) 
245 1 0 |a Innovation  |h [electronic resource] :  |b the European journal of social sciences. 
260 |3 1994 :  |a [Abingdon, Oxfordshire] :  |b Carfax International Publishers,  |c 1994- 
260 3 |3 Abingdon, Routledge :  |b Taylor & Francis Group 
310 |a Quarterly 
362 1 |a Began with Volume 1, Issue 1 (1988). 
506 |a License restrictions may limit access. 
550 |a The official journal of the European Association for the Advancement of Social Sciences and the Interdisciplinary Centre for Comparative Research in the Social Sciences. 
588 |a Description based on: Volume 1, issue 1 (1988); title from journal information screen (EBSCOhost Web site, viewed August 25, 2016). 
588 |a Latest issue consulted: Volume 30, issue 4 (2017) (EBSCOhost Web site, viewed January 3, 2018). 
650 0 |a Social sciences  |v Periodicals. 
650 7 |a Social sciences.  |2 fast  |0 (OCoLC)fst01122877 
653 |a Sociology 
655 0 |a Electronic journals. 
710 2 |a European Association for the Advancement of Social Sciences. 
710 2 |a Interdisciplinary Centre for Comparative Research in the Social Sciences. 
776 0 8 |i Print version:  |t Innovation (Abingdon, England)  |x 1351-1610  |w (DLC)sn 94032190  |w (OCoLC)31414769 
780 0 0 |t Innovation in social sciences research (Online)  |w (DLC) 2016236828  |w (OCoLC)173369586 
850 |a DLC 
856 4 0 |z Full text available from Research Library: 03/01/1997 to 09/30/2000  |u https://search.proquest.com/publication/33377